000 00575nam a2200217Ia 4500
005 20140405085909.0
008 140130s9999 xx 000 0 und d
020 _a9788953911260
050 _aPZ 7
_b.W64815Laf 2003
100 _aWilhelm, Hans.
_931406
245 _cHans Wilhelm.
_aI am lost (w/cd) /
260 _bScholastic Inc.,
_cc2003.
_aUSA :
300 _a30 p. :
_bcol. ill. ;
_c23 cm.
440 _v1
521 _aBR
526 _cBR
650 _aDogs
_xFiction.
_931407
650 _aLost children
_xFiction.
_931408
942 _cBK
_2lcc
999 _c41701
_d41701